Financovanie zdravotníctva vo vybraných krajinách

Všeobecná charakteristika financovania zdravotnej starostlivosti. Modely financovania zdravotnej starostlivosti. Financovanie zdravotníctva na Slovensku. Financovanie zdravotníctva v Austrálii.

Gespeichert in:
Bibliographische Detailangaben
1. Verfasser: Krigovská, Andrea, 1988-
Format: Buchkapitel
Sprache:Slowakisch
Schlagworte:
Tags: Tag hinzufügen
Keine Tags, Fügen Sie das erste Tag hinzu!

MARC

LEADER 00000naa a2200000 4500
001 0212168
005 20240502073534.5
041 0 |a slo 
044 |a SK 
245 1 0 |a Financovanie zdravotníctva vo vybraných krajinách  |c Andrea Krigovská 
520 |a Všeobecná charakteristika financovania zdravotnej starostlivosti. Modely financovania zdravotnej starostlivosti. Financovanie zdravotníctva na Slovensku. Financovanie zdravotníctva v Austrálii. 
610 2 0 |a financovanie zdravotníctva 
610 2 0 |a Slovensko 
610 2 0 |a Austrália 
610 2 0 |a starostlivosť zdravotná 
100 1 |a Krigovská, Andrea, 1988-